Visualizzazione normale
Vista MARC
- Campanini Giorgio, Scabini Pino
di Personal Name
Records bibliografici associati: 1
001 - CONTROL NUMBER
- control field: 61150
003 - CONTROL NUMBER IDENTIFIER
- control field:
005 - DATE AND TIME OF LATEST TRANSACTION
- control field: 20241130103750.0
008 - FIXED-LENGTH DATA ELEMENTS
- fixed length control field: 241130|| aca||aabn | a|a d
040 ## - CATALOGING SOURCE
- Original cataloging agency:
- Transcribing agency:
100 ## - HEADING--PERSONAL NAME
- Personal name: Campanini Giorgio, Scabini Pino
670 ## - SOURCE DATA FOUND
- Source citation: Work cat.: ()221910: Campanini Giorgio, Scabini Pino, Famiglia e vita di fede., 1984